| 000 | 01829nam a2200277Ia 4500 | ||
|---|---|---|---|
| 999 |
_c55244 _d55244 |
||
| 001 | 22320 | ||
| 003 | GE_BSU | ||
| 005 | 20250801120949.0 | ||
| 008 | 181216s2017||||ge |||||||||||||| ||geo|| | ||
| 020 | _a9789941273308 | ||
| 040 | _cGE_BSU | ||
| 041 | _ageo | ||
| 080 | _a821.112.2.09 გ-14 | ||
| 100 |
_aგაგნიძე, ნუგეშა _925731 |
||
| 245 |
_aნარკვევები მეორე მსოფლიო ომისშემდგომი პერიოდის გერმანულენოვანი ლიტერატურიდან = Studien zur deutschsprachigen Literatur nach dem Zweiten Weltkrieg / _cნუგეშა გაგნიძე ; რედაქტორი ნანული კაკაურიძე. |
||
| 264 |
_aქუთაისი : _bგამ-ბა ”სამშობლო”, _c2017. |
||
| 300 |
_a352 გვ. ; _c20 სმ. |
||
| 500 | _aსახელთა საძიებელი : გვ. 330-348 | ||
| 520 | _aგარეკანი და თავფურცელი ქართ. და გერმ. ენებზე.რეზიუმე გერმ. ენაზე. | ||
| 541 | _h7 ლ. | ||
| 653 | _aგერმანელი მწერლები | ||
| 653 | _a გერმანული ლიტერატურის ისტორია და კრიტიკა | ||
| 653 | _aნარკვევები მეორე მსოფლიო ომისშემდგომი პერიოდის გერმანულენოვანი ლიტერატურიდან = Studien zur deutschsprachigen Literatur nach dem Zweiten Weltkrieg | ||
| 700 |
_aკაკაურიძე, ნანული _eრედაქტორი _911497 |
||
| 942 |
_cBK _2udc |
||